Cele mai mari insule ale lumii - Statistics

General Stats
  • This quiz has been taken 3 times
  • The average score is 9 of 26
Answers on the Map
Answers color-coded by a green-red scale on the quiz's map according to % correct below.
 
Answer Stats
# Insulă % Correct
1 Groenlanda
100%
4 Madagascar
100%
25 Ceylon
67%
18 Islanda
67%
3 Borneo
33%
17 Cuba
33%
22 Hispaniola
33%
7 Honshu
33%
5 Insula Baffin
33%
24 Insula Banks
33%
21 Insula Hokkaidō
33%
13 Insula Java
33%
23 Insula Sahalin
33%
8 Insula Victoria
33%
20 Irlanda
33%
15 Luzon
33%
19 Mindanao
33%
11 Sulawesi
33%
6 Sumatra
33%
26 Tasmania
33%
14 Insula de Nord
0%
12 Insula de Sud
0%
10 Insula Ellesmere
0%
9 Marea Britanie
0%
2 Noua Guinee
0%
16 Terranova
0%
No matching quizzes found
Score Distribution
Percent of People with Each Score
Percentile by Number Answered
Your Score History
You have not taken this quiz